| 000 | 00673cam a2200217 a 4500 | ||
|---|---|---|---|
| 001 | 616695 | ||
| 005 | 20240208055224.0 | ||
| 008 | 921026s1993 nyu b 001 0 eng | ||
| 020 | _a0471533181 (alk. paper) : | ||
| 040 |
_aDLC _cDLC _dDLC |
||
| 082 | 0 | 0 |
_a306.8. _220 _bDEB. |
| 100 | 1 | _aSwiss, Deborah J. | |
| 245 | 1 | 0 |
_aWomen and the work/family dilemma : _bhow today's professional women are finding solutions / _cDeborah J. Swiss, Judith P. Walker. |
| 260 |
_aNew York : _bJ. Wiley, _c1993. |
||
| 300 | _axiv, 255 p. ; | ||
| 650 | 0 | _aWork and family | |
| 650 | 0 | _aWorking mothers | |
| 650 | 0 | _aWomen in the professions | |
| 700 | 1 |
_aWalker, Judith P. _eedt |
|
| 942 | _cL | ||
| 999 |
_c349 _d349 |
||